Κατάλογος Βιβλιοθηκών Mediterranean College

Multi-Agency Working in Criminal Justice / Theory, Policy and Practice: Second Edition (Record no. 3212)

MARC details
000 -LEADER
fixed length control field 01699cam a22002174a 4500
005 - ΗΜΕΡΟΜΗΝΙΑ ΚΑΙ ΩΡΑ ΤΕΛΕΥΤΑΙΑΣ ΕΝΗΜΕΡΩΣΗΣ
Πεδίο ελέγχου 20250605164108.0
008 - FIXED-LENGTH DATA ELEMENTS--GENERAL INFORMATION
Πεδίο ελέγχου σταθερού μήκους 250528s ||||||||||||||||||||||||d
035 ## - SYSTEM CONTROL NUMBER
System control number 17812
020 ## - ISBN
ISBN 9781447340249
040 ## - ΠΗΓΗ ΚΑΤΑΛΟΓΟΓΡΑΦΗΣΗΣ
Φορέας πρωτότυπης καταλογογράφησης MC Athens Campus Library
Γλώσσα καταλογογράφησης Ελληνικά, Μοντέρνα (1453-)
Modifying agency MC Athens Campus Library
Κανόνες περιγραφικής καταλογογράφησης AACR2
245 1# - ΤΙΤΛΟΣ ΚΑΙ ΔΗΛΩΣΗ ΥΠΕΥΘΥΝΟΤΗΤΑΣ
Τίτλος Multi-Agency Working in Criminal Justice / Theory, Policy and Practice: Second Edition
250 ## - EDITION STATEMENT
Edition statement 2nd
260 ## - PUBLICATION, DISTRIBUTION, ETC.
Name of publisher, distributor, etc. Policy Press,
Date of publication, distribution, etc. 2019
300 ## - PHYSICAL DESCRIPTION
Extent 296
520 ## - SUMMARY, ETC.
Summary, etc. This unique collection provides an engaging and thought-provoking lens that enhances contemporary understanding of the policies that underpin such work. Introduction, Multi-Agency Working and the Governance of Crime Control, From a Trained Incapacity to Professional Resistance in Criminal Justice, A Time of Change: The Expanding Role of Police and Crime Commissioners in Local Criminal Justice Delivery, Integrated Offender Management: A Brave New World or Business as Usual?, MAPPA: Sex Offenders and Managing ''the Other'' in the Community, Protection and Prevention: Identifying and Managing and Monitoring Priority Perpetrators of Domestic Abuse, Policing a Diverse Society: The Community Based Rationale for Multi-Agency Working, The Development of the Police Role in Safeguarding Children, Hate Crime and Policing and Multi-Agency Partnership Working, Interviewing Children as Suspects: The Need for a Child-Centered Approach, Removing the ''Dual'' and Working with the Presenting Diagnosis: Core Processes of Change, Enforcement and Rehabilitation: Challenges to Partnership Working with Substance Using Offenders, Index.
700 1# - ΠΡΟΣΘΕΤΗ ΑΝΑΓΡΑΦΗ--ΦΥΣΙΚΟ ΠΡΟΣΩΠΟ
Personal name Gough Dennis
9 (RLIN) 4079
700 1# - ΠΡΟΣΘΕΤΗ ΑΝΑΓΡΑΦΗ--ΦΥΣΙΚΟ ΠΡΟΣΩΠΟ
Personal name Pycroft Aaron
9 (RLIN) 4080
942 ## - ADDED ENTRY ELEMENTS (KOHA)
Koha item type Books
Holdings
Τύπος τεκμηρίου Βιβλιοθήκη Τρέχουσα τοποθεσία Barcode Αριθμός εισαγωγής Ημερομηνία απόκτησης Ταξιθετικό σύμβολο Αριθμός αντιτύπου Κατάσταση απόσυρσης Κατάσταση χαμένου Κατάσταση κατεστραμμένου Μη δανεισμός Σύνολο δανεισμών Ημερομηνία τελευταίας εμφάνισης Η τιμή ισχύει από
Books MC Athens Campus Library MC Athens Campus Library 9780000032119 7210 05/06/2025 364.941 PYC 1           05/06/2025 05/06/2025

MC Athens Campus Library
Πατησίων 94 & Κοδριγκτώνος 13, 104 34
Πελλήνης 8 & Πατησίων 107, 112 51
Τ: +30 210 8899600

MC Thessaloniki Campus Library
Ίωνος Δραγούμη 21, 54625 | Ίωνος Δραγούμη 15, 54625
Τ: +30 2310 287779 – Τ: +30 2314 440300